[Event "The ICF Chess Championship 2008-2009 Group B"]
[Site "SchemingMind.com"]
[Date "2008.07.02"]
[Round "-"]
[White "agoodhobby"]
[Black "Ashmaster"]
[Result "0-1"]
[WhiteCountry "USA"]
[BlackCountry "IRL"]
[WhiteElo "1568"]
[WhiteRD "63"]
[BlackElo "1967"]
[BlackRD "89"]
[GameID "161822"]

1. d4 Nf6 2. c4 e6 3. Nf3 d5 4. Nc3 Be7 5. Bg5 O-O 6. e3 h6 7. Bh4 b6 8. Be2 Bb7 9. Bxf6 Bxf6 10. cxd5 exd5
11. O-O Nd7 12. Rc1 a6 13. b4 b5 14. h4 Bxh4 15. g3 Be7 16. Kg2 Bxb4 17. Rh1 c5 18. Rh2 Bxc3 19. Rxc3 c4 20. Qh1 b4
21. Rc1 a5 22. g4 f6 23. Nh4 Kf7 24. f4 Re8 25. Kf3 Qe7 26. Nf5 Qe4+ 27. Kf2 Qxh1 28. Rcxh1 Re6 29. g5 fxg5 30. Bh5+ Kf8
31. Bg4 Nf6 32. Nxh6 Ne4+ 33. Kf3 Rxh6 34. Rxh6 gxh6 35. Rxh6 gxf4 36. Kxf4 Ra6 37. Rh7 Rb6
0-1

[Event "The ICF Chess Championship 2008-2009 Group B"]
[Site "SchemingMind.com"]
[Date "2008.07.02"]
[Round "-"]
[White "Ashmaster"]
[Black "agoodhobby"]
[Result "1-0"]
[WhiteCountry "IRL"]
[BlackCountry "USA"]
[WhiteElo "1924"]
[WhiteRD "86"]
[BlackElo "1583"]
[BlackRD "62"]
[GameID "161823"]

1. d4 d5 2. c4 e6 3. Nc3 Nf6 4. Bg5 Nbd7 5. e3 c5 6. cxd5 exd5 7. Bb5 Be7 8. Bxf6 Bxf6 9. Nxd5 O-O 10. Nxf6+ Nxf6
11. Ne2 cxd4 12. Qxd4 Qxd4 13. Nxd4 a6 14. Bc4 b5 15. Bb3 Bb7 16. O-O Rac8 17. Nf5 Ne4 18. Ne7+ Kh8 19. Nxc8 Bxc8 20. Rfd1 f5
21. Rd4 Nc5 22. Rad1 Ne6 23. Rd6 Nc5 24. Rd8 Ne6 25. Bxe6
1-0

[Event "The ICF Chess Championship 2008-2009 Group B"]
[Site "SchemingMind.com"]
[Date "2008.07.02"]
[Round "-"]
[White "thebirdolux"]
[Black "Ashmaster"]
[Result "1-0"]
[WhiteCountry "USA"]
[BlackCountry "IRL"]
[WhiteElo "2227"]
[WhiteRD "74"]
[BlackElo "1924"]
[BlackRD "86"]
[GameID "161848"]

1. e4 e5 2. Nf3 Nc6 3. Bc4 Bc5 4. d3 Nf6 5. c3 d6 6. Nbd2 a6 7. Bb3 O-O 8. h3 Ba7 9. O-O Ne7 10. Re1 Ng6
11. Nf1 Be6 12. Ng3 Re8 13. Bxe6 fxe6 14. Bg5 h6 15. Bd2 Nf4 16. d4 Nd7 17. Qb3 b5 18. a4 c6 19. Bxf4 exf4 20. Nh5 g5
21. axb5 axb5 22. e5 Kf7 23. exd6 Kg6 24. Qc2+ Kxh5 25. g4+ fxg3 26. fxg3
1-0

[Event "The ICF Chess Championship 2008-2009 Group B"]
[Site "SchemingMind.com"]
[Date "2008.07.02"]
[Round "-"]
[White "thebirdolux"]
[Black "agoodhobby"]
[Result "1-0"]
[WhiteCountry "USA"]
[BlackCountry "USA"]
[WhiteElo "2153"]
[WhiteRD "86"]
[BlackElo "1636"]
[BlackRD "71"]
[GameID "161849"]

1. e4 e6 2. d4 d5 3. Nc3 Bb4 4. Ne2 Nc6 5. a3 Ba5 6. Be3 Nf6 7. e5 Nd7 8. b4 Bb6 9. Na4 f6 10. Nf4 Qe7
11. Qh5+ Qf7 12. Nxb6 axb6 13. Nxe6 g6 14. Nxc7+ Kd8 15. Qg4 Kxc7 16. e6 Nde5 17. dxe5 Bxe6 18. Qg3 fxe5 19. b5 d4 20. bxc6 dxe3
21. Qxe5+ Kc8 22. Qxh8+ Qg8 23. Qxg8+ Bxg8 24. cxb7+ Kxb7 25. fxe3 Bd5 26. Rg1
1-0

[Event "The ICF Chess Championship 2008-2009 Group B"]
[Site "SchemingMind.com"]
[Date "2008.07.02"]
[Round "-"]
[White "Ashmaster"]
[Black "thebirdolux"]
[Result "0-1"]
[WhiteCountry "IRL"]
[BlackCountry "USA"]
[WhiteElo "1887"]
[WhiteRD "84"]
[BlackElo "2142"]
[BlackRD "82"]
[GameID "161850"]

1. d4 d5 2. c4 e5 3. dxe5 d4 4. Nf3 c5 5. e3 Nc6 6. exd4 cxd4 7. Bd3 Nxe5 8. Qe2 f6 9. Bf4 Bb4+ 10. Nbd2 Bg4
11. Bxe5 Bxf3 12. Qxf3 fxe5 13. Qxb7 Bxd2+ 14. Kxd2 Rb8 15. Qxg7 Rxb2+ 16. Kc1 Qa5
0-1

[Event "The ICF Chess Championship 2008-2009 Group B"]
[Site "SchemingMind.com"]
[Date "2008.07.02"]
[Round "-"]
[White "agoodhobby"]
[Black "thebirdolux"]
[Result "0-1"]
[WhiteCountry "USA"]
[BlackCountry "USA"]
[WhiteElo "1636"]
[WhiteRD "71"]
[BlackElo "2153"]
[BlackRD "86"]
[GameID "161851"]

1. d4 f5 2. c4 Nf6 3. g3 e6 4. Bg2 c6 5. Nf3 d5 6. O-O Bd6 7. b3 Qe7 8. a4 a5 9. Ba3 Bxa3 10. Nxa3 b6
11. Ne5 Bb7 12. Qc2 O-O 13. Rfc1 Nbd7 14. cxd5 Nxe5 15. dxe5 Nxd5 16. Qc4 f4 17. g4 Qg5 18. h3 c5 19. e4 fxe3 20. Rc2 exf2+
21. Rxf2 Rxf2 22. Kxf2 Qe3+
0-1

[Event "The ICF Chess Championship 2008-2009 Group B"]
[Site "SchemingMind.com"]
[Date "2008.07.02"]
[Round "-"]
[White "Argeon"]
[Black "Ashmaster"]
[Result "0-1"]
[WhiteCountry "BEL"]
[BlackCountry "IRL"]
[WhiteElo "1773"]
[WhiteRD "74"]
[BlackElo "1953"]
[BlackRD "86"]
[GameID "161860"]

1. e4 e5 2. Nf3 Nc6 3. Bb5 a6 4. Bxc6 dxc6 5. O-O f6 6. d4 exd4 7. Nxd4 c5 8. Ne2 Qxd1 9. Rxd1 Bd7 10. Nbc3 O-O-O
11. Be3 Re8 12. Rd2 Bc6 13. Rad1 b6 14. Nd5 Ne7 15. c4 Nxd5 16. cxd5 Bd7 17. f3 Bd6 18. Bf4 g5 19. Bxd6 cxd6 20. Kf2 f5
21. Ng3 Rhf8 22. Re1 h5 23. Rde2 h4 24. Nxf5 Bxf5 25. exf5 Rxe2+ 26. Rxe2 Rxf5 27. Rd2 Kd7 28. Ke3 Re5+
0-1

[Event "The ICF Chess Championship 2008-2009 Group B"]
[Site "SchemingMind.com"]
[Date "2008.07.02"]
[Round "-"]
[White "Argeon"]
[Black "agoodhobby"]
[Result "0-1"]
[WhiteCountry "BEL"]
[BlackCountry "USA"]
[WhiteElo "1773"]
[WhiteRD "74"]
[BlackElo "1619"]
[BlackRD "62"]
[GameID "161861"]

1. Nf3 Nf6 2. b3 g6 3. e3 Bg7 4. Bb2 O-O 5. Nc3 d6 6. Bb5 Bg4 7. O-O a6 8. Be2 Nc6 9. d4 e5 10. d5 Ne7
11. e4 c6 12. dxc6 bxc6 13. Qd2 d5 14. exd5 cxd5 15. Nxe5 Bxe2 16. Nxe2 Ne4 17. Qf4 Bxe5 18. Qxe5 f6 19. Qf4 Nf5 20. Nd4 Nxd4
21. Bxd4 Rc8 22. c4 Nd6 23. Rae1 dxc4 24. Re6 Ne8 25. Rc1 cxb3 26. axb3 Rxc1+
0-1

[Event "The ICF Chess Championship 2008-2009 Group B"]
[Site "SchemingMind.com"]
[Date "2008.07.02"]
[Round "-"]
[White "Argeon"]
[Black "thebirdolux"]
[Result "0-1"]
[WhiteCountry "BEL"]
[BlackCountry "USA"]
[WhiteElo "2021"]
[WhiteRD "83"]
[BlackElo "2142"]
[BlackRD "82"]
[GameID "161862"]

1. e4 d6 2. d4 g6 3. Nc3 Nf6 4. Bg5 Bg7 5. f4 O-O 6. Nf3 c5 7. dxc5 Qa5 8. Qd2 dxc5 9. O-O-O Nxe4 10. Nxe4 Qxa2
11. Qd3 Bf5 12. Ne5 Nc6 13. Nxc6 Qxb2+ 14. Kd2 bxc6 15. Ke3 h6 16. Bh4 e5 17. Kf3 exf4 18. h3 Rfe8 19. Re1 a5 20. g4 fxg3
21. Bxg3 Rad8 22. Qc4 Be6 23. Qxc5 Bd5 24. Bf4 Bd4
0-1

[Event "The ICF Chess Championship 2008-2009 Group B"]
[Site "SchemingMind.com"]
[Date "2008.07.02"]
[Round "-"]
[White "Ashmaster"]
[Black "Argeon"]
[Result "1-0"]
[WhiteCountry "IRL"]
[BlackCountry "BEL"]
[WhiteElo "1953"]
[WhiteRD "86"]
[BlackElo "1773"]
[BlackRD "74"]
[GameID "161863"]

1. d4 d5 2. c4 e6 3. Nc3 Nf6 4. Bg5 Be7 5. e3 Ne4 6. Bxe7 Qxe7 7. cxd5 Nxc3 8. bxc3 exd5 9. Qb3 c6 10. Nf3 Bf5
11. Be2 O-O 12. O-O Qc7 13. c4 dxc4 14. Bxc4 Nd7 15. Bd3 Bxd3 16. Qxd3 Rae8 17. Rfc1 Nf6 18. Rab1 Re7 19. a4 g6 20. a5 Qxa5
21. Ra1 Qc7 22. Rxa7 h5 23. Ne5
1-0

[Event "The ICF Chess Championship 2008-2009 Group B"]
[Site "SchemingMind.com"]
[Date "2008.07.02"]
[Round "-"]
[White "agoodhobby"]
[Black "Argeon"]
[Result "1-0"]
[WhiteCountry "USA"]
[BlackCountry "BEL"]
[WhiteElo "1619"]
[WhiteRD "62"]
[BlackElo "1773"]
[BlackRD "74"]
[GameID "161864"]

1. d4 d5 2. c4 c6 3. Nc3 dxc4 4. e4 e5 5. Nf3 exd4 6. Qxd4 Qxd4 7. Nxd4 b5 8. a4 b4 9. Nd1 Ba6 10. Bf4 Nf6
11. Rc1 c5 12. Nf5 c3 13. Bxa6 Nxa6 14. bxc3 Nxe4 15. cxb4 Nxb4 16. O-O Nd3 17. Rc4 Nxf4 18. Rxe4+ Ne6 19. Nb2 O-O-O 20. Nc4 g6
21. Nh4 Rd4 22. Rxd4 Nxd4 23. Re1 Bg7 24. Nd6+ Kd7 25. Nxf7 Nc2 26. Rc1 Re8 27. g3 Re2 28. Nf3
1-0

[Event "The ICF Chess Championship 2008-2009 Group B"]
[Site "SchemingMind.com"]
[Date "2008.07.02"]
[Round "-"]
[White "thebirdolux"]
[Black "Argeon"]
[Result "1-0"]
[WhiteCountry "USA"]
[BlackCountry "BEL"]
[WhiteElo "2227"]
[WhiteRD "74"]
[BlackElo "1932"]
[BlackRD "75"]
[GameID "161865"]

1. Nf3 d5 2. c4 d4 3. d3 Nc6 4. e3 e5 5. Be2 Bb4+ 6. Nbd2 dxe3 7. fxe3 Nf6 8. O-O O-O 9. a3 Bc5 10. d4 exd4
11. Nb3 d3 12. Bxd3 Bd6 13. c5 Be7 14. Nbd4 Bxc5 15. Nxc6 bxc6 16. Qc2 Qd6 17. b4 Bb6 18. Kh1 a5 19. e4 Rd8 20. Bc4 Ng4
21. Bg5 Rf8 22. Rad1 Qg6 23. Be7 Ba6 24. Bxa6 Ne3 25. Qe2 Rfe8 26. bxa5 Nxd1 27. axb6 cxb6 28. Nh4 Qe6 29. Nf5 Nc3 30. Qb2 Qe5
31. Bd6 Qa5 32. Bc4 Re5 33. Nh6+ Kh8 34. Nxf7+
1-0

[Event "The ICF Chess Championship 2008-2009 Group B"]
[Site "SchemingMind.com"]
[Date "2008.07.03"]
[Round "-"]
[White "oojason"]
[Black "Ashmaster"]
[Result "0-1"]
[WhiteCountry "ENG"]
[BlackCountry "IRL"]
[WhiteElo "1390"]
[WhiteRD "112"]
[BlackElo "1953"]
[BlackRD "86"]
[GameID "161978"]

1. e4 e5 2. Nf3 Nc6 3. c3 Nf6 4. d3 d5 5. Bg5 dxe4 6. Bxf6 Qxf6 7. dxe4 Bg4 8. h3 Bh5 9. Bb5 Rd8 10. Nbd2 Bc5
11. Qe2 O-O 12. g4 Bg6 13. b4 Bb6 14. a3 Rd6 15. Nc4 Re6 16. Nxb6 cxb6 17. Bc4 Rd6 18. Bd5 Rc8 19. Rc1 Rc7 20. Qe3 Ne7
21. Rd1 Nxd5 22. exd5 e4 23. Ng1 Qxc3+ 24. Qxc3 Rxc3 25. a4 Rd3 26. Rxd3 exd3 27. Kd2 Rxd5 28. Rh2 Rd4 29. Nf3 Rxb4 30. Ne5 Rxa4
31. Nxd3 Rd4 32. f3 Rxd3+ 33. Ke2 Rc3 34. Rh1 h5 35. g5 b5 36. Rd1 b4 37. Rd4 b3 38. Rb4 Rc2+ 39. Kd1 b2 40. Rxb7 Rc1+
41. Kd2 b1=Q
0-1

[Event "The ICF Chess Championship 2008-2009 Group B"]
[Site "SchemingMind.com"]
[Date "2008.07.03"]
[Round "-"]
[White "oojason"]
[Black "Argeon"]
[Result "0-1"]
[WhiteCountry "ENG"]
[BlackCountry "BEL"]
[WhiteElo "1435"]
[WhiteRD "110"]
[BlackElo "2021"]
[BlackRD "83"]
[GameID "161979"]

1. e4 c5 2. Nf3 Nc6 3. Bb5 Na5 4. d3 a6 5. Bc4 e6 6. O-O b5 7. Bb3 Bb7 8. c3 Nxb3 9. axb3 Nf6 10. h3 Be7
11. c4 d6 12. Re1 O-O 13. e5 dxe5 14. Rxe5 Be4 15. d4 cxd4 16. Nxd4 Bd6 17. Nxe6 fxe6 18. Rxe6 Bh2+ 19. Kxh2 Qxd1 20. Nc3 Qc2
21. f3 Bxf3 22. Ne2 Ne4 23. gxf3 Qxe2+ 24. Kg1 Qf2+ 25. Kh1 Ng3#
0-1

[Event "The ICF Chess Championship 2008-2009 Group B"]
[Site "SchemingMind.com"]
[Date "2008.07.04"]
[Round "-"]
[White "oojason"]
[Black "agoodhobby"]
[Result "0-1"]
[WhiteCountry "ENG"]
[BlackCountry "USA"]
[WhiteElo "1412"]
[WhiteRD "113"]
[BlackElo "1583"]
[BlackRD "62"]
[GameID "161980"]

1. e4 c5 2. Nf3 d6 3. d4 cxd4 4. Qxd4 Nc6 5. Bb5 Bd7 6. Bxc6 Bxc6 7. Nc3 Nf6 8. O-O e6 9. Bg5 Be7 10. Bxf6 Bxf6
11. Qd3 O-O 12. Rfe1 Re8 13. h3 d5 14. e5 Be7 15. a3 f6 16. Rad1 Qb6 17. b4 a5 18. b5 Bc5 19. Re2 Bd7 20. a4 Rf8
21. Nd4 fxe5 22. Nb3 Bxf2+ 23. Kh2 Bh4 24. Rxe5 Qd6 25. Qd4 Rf5 26. Qxh4 Qxe5+ 27. Qg3 Qxg3+ 28. Kg1 Qxc3 29. Nd4 Qe3+ 30. Kh1 Raf8
31. Nf3 e5 32. Rxd5 Rxf3 33. gxf3 Qxf3+
0-1

[Event "The ICF Chess Championship 2008-2009 Group B"]
[Site "SchemingMind.com"]
[Date "2008.07.03"]
[Round "-"]
[White "oojason"]
[Black "thebirdolux"]
[Result "0-1"]
[WhiteCountry "ENG"]
[BlackCountry "USA"]
[WhiteElo "1435"]
[WhiteRD "110"]
[BlackElo "2142"]
[BlackRD "82"]
[GameID "161981"]

1. e4 c5 2. Nf3 Nc6 3. c3 d6 4. Bb5 Bd7 5. d3 Nf6 6. h3 e5 7. Bxc6 Bxc6 8. Bg5 h6 9. Bxf6 Qxf6 10. c4 Be7
11. Nc3 Bd8 12. Nd5 Qg6 13. O-O Bd7 14. Kh2 O-O 15. a3 f5 16. Qc2 Qh5 17. Qd2 fxe4 18. dxe4 Bxh3 19. Ne1 Bg4+ 20. Kg1 Be2
21. Nf3 Bxf3 22. gxf3 Qg6+ 23. Kh1 Rxf3 24. Kh2 Qh5+ 25. Kg2 Qg4+ 26. Kh1 Rh3#
0-1

[Event "The ICF Chess Championship 2008-2009 Group B"]
[Site "SchemingMind.com"]
[Date "2008.07.03"]
[Round "-"]
[White "Ashmaster"]
[Black "oojason"]
[Result "1-0"]
[WhiteCountry "IRL"]
[BlackCountry "ENG"]
[WhiteElo "1924"]
[WhiteRD "86"]
[BlackElo "1412"]
[BlackRD "113"]
[GameID "161982"]

1. d4 d5 2. c4 dxc4 3. e3 b5 4. a4 Bd7 5. axb5 Bxb5 6. Nc3 Qd7 7. Ra5 c6 8. Qf3 Nf6 9. Nxb5 Nd5 10. Bxc4 a6
11. Bxd5 cxd5 12. Qxd5 Qxd5 13. Nc7+ Kd8 14. Nxd5 e6 15. Nc3 Bb4 16. Ra4 a5 17. Bd2 Bxc3 18. Bxc3 Nc6 19. b4 Kd7 20. bxa5 Rhb8
21. Ra1 Rb3 22. Ne2 f6 23. O-O Kd6 24. h3 e5 25. Rfb1 Rxb1+ 26. Rxb1 Ra7 27. dxe5+ fxe5 28. Nc1 Ne7 29. Bb4+ Ke6 30. Bxe7 Rxe7
31. a6 Ra7 32. Nd3 Kf5 33. Nc5 Rc7 34. Nb7 Rc6 35. Ra1 Rb6 36. a7 Rxb7 37. a8=Q Rf7 38. Ra6 g6 39. Qf3+
1-0

[Event "The ICF Chess Championship 2008-2009 Group B"]
[Site "SchemingMind.com"]
[Date "2008.07.03"]
[Round "-"]
[White "Argeon"]
[Black "oojason"]
[Result "1-0"]
[WhiteCountry "BEL"]
[BlackCountry "ENG"]
[WhiteElo "1932"]
[WhiteRD "75"]
[BlackElo "1412"]
[BlackRD "113"]
[GameID "161983"]

1. Nf3 d5 2. d4 Nc6 3. g3 Nf6 4. Bf4 Ne4 5. Nbd2 h6 6. Nxe4 dxe4 7. Ne5 Nxe5 8. Bxe5 f6 9. Bf4 g5 10. Be3 e6
11. h4 g4 12. Bg2 f5 13. Bf4 Rh7 14. Qd2 Bd6 15. Bxh6 e5 16. Bg5 Qd7 17. O-O-O exd4 18. Qxd4 Qe6 19. Kb1 c5 20. Qxd6 Qxd6
21. Rxd6 Bd7 22. f3 Bc6 23. fxg4 fxg4 24. Bxe4 Bxe4 25. Re6+ Kd7 26. Rxe4 Rf7 27. Rd1+ Kc6 28. Re6+ Kb5 29. a4+ Kxa4 30. Re4+ Ka5
31. b4+ cxb4 32. Rd5+ Ka4 33. Bd2 Ka3 34. Ra5#
1-0

[Event "The ICF Chess Championship 2008-2009 Group B"]
[Site "SchemingMind.com"]
[Date "2008.07.08"]
[Round "-"]
[White "agoodhobby"]
[Black "oojason"]
[Result "1-0"]
[WhiteCountry "USA"]
[BlackCountry "ENG"]
[WhiteElo "1619"]
[WhiteRD "62"]
[BlackElo "1390"]
[BlackRD "112"]
[GameID "161984"]

1. e4 e5 2. f4 exf4 3. Nf3 Nc6 4. d4 g5 5. d5 Nb8 6. Qd4 f6 7. Nxg5 Bd6 8. Nh3 Be5 9. Qf2 d6 10. Nxf4 Qe7
11. Bb5+ c6 12. dxc6 bxc6 13. Bc4 Nd7 14. Be3 c5 15. Nd5 Qd8 16. c3 Bb7 17. Nd2 Bxd5 18. Bxd5 Rb8 19. Nf3 Ne7 20. Nxe5 dxe5
21. Bxc5 Nxc5 22. Qxc5 Rxb2 23. O-O Rb6 24. g4 Nxd5 25. exd5 Rg8 26. h3 Rf8 27. h4 Rf7 28. g5 f5 29. Rae1 e4 30. a4 Rd6
31. c4 Rc7 32. Qb4 Qd7 33. Rf2 Kf7 34. Rxf5+ Qxf5 35. Rf1 Qxf1+ 36. Kxf1 Rd8 37. d6 Rcd7 38. c5 e3 39. Qf4+ Kg8 40. Qxe3 Rf8+
41. Ke2 Rdf7 42. Qe6 Rb8 43. d7 Kf8 44. Qd6+ Re7+ 45. Kd3 Rd8 46. Qf6+ Rf7 47. Qxd8+ Kg7 48. Qf6+ Rxf6 49. gxf6+ Kxf6 50. d8=Q+ Kf7
51. Ke4 Ke6 52. Qd6+
1-0

[Event "The ICF Chess Championship 2008-2009 Group B"]
[Site "SchemingMind.com"]
[Date "2008.07.03"]
[Round "-"]
[White "thebirdolux"]
[Black "oojason"]
[Result "1-0"]
[WhiteCountry "USA"]
[BlackCountry "ENG"]
[WhiteElo "2142"]
[WhiteRD "82"]
[BlackElo "1435"]
[BlackRD "110"]
[GameID "161985"]

1. e4 e5 2. Nf3 d6 3. d4 Nc6 4. Bb5 Bd7 5. O-O a6 6. Bxc6 Bxc6 7. Nc3 Nf6 8. dxe5 dxe5 9. Nxe5 Nxe4 10. Nxc6 bxc6
11. Nxe4 Be7 12. Qf3 O-O 13. Rd1 Qc8 14. Bf4 Rb8 15. b3 Rb5 16. Re1 Qb7 17. c4 Ra5 18. Qg3 g6 19. Bh6 Re8 20. Qc3 Bb4
21. Qg7#
1-0

[Event "The ICF Chess Championship 2008-2009 Group B"]
[Site "SchemingMind.com"]
[Date "2008.07.27"]
[Round "-"]
[White "FlameViper"]
[Black "Ashmaster"]
[Result "0-1"]
[WhiteCountry "NZL"]
[BlackCountry "IRL"]
[WhiteElo "1419"]
[WhiteRD "100"]
[BlackElo "1967"]
[BlackRD "89"]
[GameID "165124"]

1. d4 Nf6 2. c4 e6 3. Nf3 d5 4. Nc3 Be7 5. Bg5 O-O 6. e3 h6 7. Bh4 b6 8. Rc1 Bb7 9. b3 Nbd7 10. Bd3 dxc4
11. Bxc4 a6 12. O-O b5 13. Bd3 Rc8 14. a4 b4 15. Bxf6 Nxf6 16. Na2 c5 17. Ne5 cxd4 18. exd4 Rxc1 19. Qxc1 Qd5 20. Qa1 Qxg2#
0-1

[Event "The ICF Chess Championship 2008-2009 Group B"]
[Site "SchemingMind.com"]
[Date "2008.07.27"]
[Round "-"]
[White "FlameViper"]
[Black "oojason"]
[Result "0-1"]
[WhiteCountry "NZL"]
[BlackCountry "ENG"]
[WhiteElo "1342"]
[WhiteRD "98"]
[BlackElo "1453"]
[BlackRD "114"]
[GameID "165125"]

1. d4 d5 2. c4 Nf6 3. cxd5 Qxd5 4. Nc3 Qd8 5. e4 e6 6. Nf3 Bb4 7. Bd3 O-O 8. O-O h6 9. a3 Bxc3 10. bxc3 a6
11. Bf4 g5 12. Be5 g4 13. Nd2 h5 14. a4 Nbd7 15. Bf4 Qe7 16. Bxc7 e5 17. Be2 b6 18. a5 b5 19. dxe5 Nxe5 20. Bxe5 Qxe5
21. Qb3 Be6 22. Qc2 Rfd8 23. Rad1 Rac8 24. Nb3 Rxd1 25. Rxd1 Rxc3 26. Qb1 Bxb3 27. Rd8+ Kg7 28. Bd3 Bc4 29. f3 Bxd3 30. Rxd3 Rxd3
31. Qxd3 gxf3 32. gxf3 Qg5+ 33. Kf2 Qh4+ 34. Kg1 Qe1+ 35. Kg2 h4 36. Qa3 Qe2+ 37. Kh3 Qf2 38. e5 Nh5 39. Qc3 Nf4+ 40. Kg4 Ne6
41. h3 Qg3+ 42. Kh5 Qg5#
0-1

[Event "The ICF Chess Championship 2008-2009 Group B"]
[Site "SchemingMind.com"]
[Date "2008.07.28"]
[Round "-"]
[White "FlameViper"]
[Black "Argeon"]
[Result "1-0"]
[WhiteCountry "NZL"]
[BlackCountry "BEL"]
[WhiteElo "1421"]
[WhiteRD "95"]
[BlackElo "1773"]
[BlackRD "74"]
[GameID "165126"]

1. e4 e5 2. Nf3 Nc6 3. Bb5 Nd4 4. Nxd4 exd4 5. O-O Qh4 6. d3 Bd6 7. h3 Nf6 8. c3 a6 9. Bc4 dxc3 10. bxc3 O-O
11. Nd2
1-0

[Event "The ICF Chess Championship 2008-2009 Group B"]
[Site "SchemingMind.com"]
[Date "2008.07.27"]
[Round "-"]
[White "FlameViper"]
[Black "agoodhobby"]
[Result "0-1"]
[WhiteCountry "NZL"]
[BlackCountry "USA"]
[WhiteElo "1421"]
[WhiteRD "95"]
[BlackElo "1619"]
[BlackRD "62"]
[GameID "165127"]

1. e4 c5 2. f4 d5 3. exd5 Nf6 4. Bb5+ Bd7 5. Bxd7+ Qxd7 6. c4 e6 7. Qe2 Bd6 8. d3 O-O 9. Nc3 Re8 10. Nf3 exd5
11. b3 Rxe2+ 12. Nxe2 Nc6 13. Nc3 Re8+ 14. Ne2 Qf5 15. Ng1 Nd4 16. Bb2 Nxe2 17. Nxe2 Qg4 18. O-O Qxe2 19. Ba3 Qxd3 20. Bb2 Qe3+
21. Kh1 Bxf4 22. Rae1 Qxe1 23. Kg1 Be3+ 24. Kh1 Qxf1#
0-1

[Event "The ICF Chess Championship 2008-2009 Group B"]
[Site "SchemingMind.com"]
[Date "2008.07.27"]
[Round "-"]
[White "FlameViper"]
[Black "thebirdolux"]
[Result "0-1"]
[WhiteCountry "NZL"]
[BlackCountry "USA"]
[WhiteElo "1421"]
[WhiteRD "95"]
[BlackElo "2261"]
[BlackRD "73"]
[GameID "165128"]

1. e4 d6 2. d4 g6 3. c4 Nf6 4. Nc3 Bg7 5. Nf3 O-O 6. Be2 e5 7. O-O Nbd7 8. Be3 exd4 9. Bxd4 Re8 10. Qc2 b6
11. b3 Bb7 12. h3 c5 13. Be3 Nxe4 14. a4 Nxc3 15. Rae1 Nxe2+ 16. Rxe2 Bxf3 17. Ree1 Bc6 18. Qd3 Ne5 19. Qc2 Nf3+ 20. gxf3 Bxf3
21. Qd2 Qh4 22. Qxd6 Be5 23. Qd7 Re6 24. Bg5 Qxg5#
0-1

[Event "The ICF Chess Championship 2008-2009 Group B"]
[Site "SchemingMind.com"]
[Date "2008.07.28"]
[Round "-"]
[White "Ashmaster"]
[Black "FlameViper"]
[Result "1-0"]
[WhiteCountry "IRL"]
[BlackCountry "NZL"]
[WhiteElo "2007"]
[WhiteRD "93"]
[BlackElo "1342"]
[BlackRD "98"]
[GameID "165129"]

1. d4 d5 2. c4 e6 3. Nc3 c6 4. Nf3 Nf6 5. Bg5 Nbd7 6. e3 Qa5 7. Nd2 Bb4 8. Qc2 Be7 9. Be2 O-O 10. O-O b6
11. Bd3 g6 12. Bh6 Re8 13. cxd5 Nxd5 14. e4 Nb4 15. Qb1 Nf6 16. Be2 Ba6 17. a3 Bxe2 18. Nxe2 Na6 19. Nc3 e5 20. Nb3 Nxe4
21. Qxe4 Rac8 22. Nxa5 bxa5 23. Qxe5 f6 24. Qe6+ Kh8 25. Qf7 Rg8 26. Qxe7 f5 27. Qf6+ Rg7 28. Qxg7#
1-0

[Event "The ICF Chess Championship 2008-2009 Group B"]
[Site "SchemingMind.com"]
[Date "2008.07.28"]
[Round "-"]
[White "oojason"]
[Black "FlameViper"]
[Result "1-0"]
[WhiteCountry "ENG"]
[BlackCountry "NZL"]
[WhiteElo "1426"]
[WhiteRD "115"]
[BlackElo "1363"]
[BlackRD "96"]
[GameID "165130"]

1. e4 e5 2. Nf3 Nc6 3. Bb5 a6 4. Bxc6 dxc6 5. d3 Be6 6. O-O Bc5 7. a3 Nf6 8. Bg5 O-O 9. b4 Bb6 10. c3 Qd7
11. Re1 a5 12. Nxe5 Qd8 13. Bxf6 Qxf6 14. Nf3 Rad8 15. Re2 c5 16. b5 h6 17. h3 Rd7 18. a4 Rdd8 19. Ra3 c4 20. d4 c5
21. d5 Bc8 22. e5 Qf5 23. Raa2 Rfe8 24. Rad2 Bc7 25. d6 Bb8 26. g4 Qh7 27. d7 Bxd7 28. Rxd7 Rxd7 29. Qxd7 Qxb1+ 30. Kg2 Re6
31. Qc8+ Kh7 32. Qxb8 b6 33. Re3 Qc2 34. g5 Qxa4 35. Qc7 Qxb5 36. gxh6 Rxh6 37. Qxf7 Qc6 38. Kh2 a4 39. Ng5+ Kh8 40. Qf8#
1-0

[Event "The ICF Chess Championship 2008-2009 Group B"]
[Site "SchemingMind.com"]
[Date "2008.07.30"]
[Round "-"]
[White "Argeon"]
[Black "FlameViper"]
[Result "0-1"]
[WhiteCountry "BEL"]
[BlackCountry "NZL"]
[WhiteElo "1773"]
[WhiteRD "74"]
[BlackElo "1421"]
[BlackRD "95"]
[GameID "165131"]

1. d4 Nf6 2. Nf3 d5 3. Bg5 e6 4. Nbd2 Be7 5. e3 Nbd7 6. Bd3 c5 7. c3 h6 8. Bb5 a6 9. Bxd7+ Bxd7 10. b3 b5
11. O-O O-O
0-1

[Event "The ICF Chess Championship 2008-2009 Group B"]
[Site "SchemingMind.com"]
[Date "2008.07.28"]
[Round "-"]
[White "agoodhobby"]
[Black "FlameViper"]
[Result "1-0"]
[WhiteCountry "USA"]
[BlackCountry "NZL"]
[WhiteElo "1583"]
[WhiteRD "62"]
[BlackElo "1393"]
[BlackRD "101"]
[GameID "165132"]

1. e4 c5 2. Nf3 d6 3. d4 cxd4 4. Nxd4 Nf6 5. Nc3 a6 6. Be3 e6 7. g4 h6 8. f4 b5 9. a3 Bb7 10. h4 Nxg4
11. Qxg4 Be7 12. Qxg7 Kd7 13. Qxf7 Rf8 14. Qxe6+ Ke8 15. Be2 Rh8 16. Bh5+ Kf8 17. Qf7#
1-0

[Event "The ICF Chess Championship 2008-2009 Group B"]
[Site "SchemingMind.com"]
[Date "2008.07.28"]
[Round "-"]
[White "thebirdolux"]
[Black "FlameViper"]
[Result "1-0"]
[WhiteCountry "USA"]
[BlackCountry "NZL"]
[WhiteElo "2261"]
[WhiteRD "73"]
[BlackElo "1421"]
[BlackRD "95"]
[GameID "165133"]

1. e4 c5 2. Nf3 d6 3. d4 cxd4 4. Nxd4 Nf6 5. Nc3 a6 6. Bg5 e6 7. f4 Qb6 8. Nb3 Be7 9. Be2 h6 10. Bxf6 Bxf6
11. Qd3 Bd7 12. O-O-O O-O 13. Qxd6 Qe3+ 14. Qd2 Qf2 15. e5 Bh4 16. Nd4 Qxg2 17. Rdg1 Qxg1+ 18. Rxg1 Bf2 19. Rg2 Bh4 20. Bd3 b5
21. Rxg7+ Kxg7 22. Qg2+ Kh8 23. Qe4 f5 24. exf6 Ra7 25. Qh7#
1-0